| 000 -LEADER |
| fixed length control field |
00982nam a22001577a 4500 |
| 008 - FIXED-LENGTH DATA ELEMENTS--GENERAL INFORMATION |
| fixed length control field |
210122b ||||| |||| 00| 0 eng d |
| 100 ## - MAIN ENTRY--PERSONAL NAME |
| Personal name |
Greenstein, Shane. |
| 245 ## - TITLE STATEMENT |
| Title |
The basic economics of internet infrastructure |
| 260 ## - PUBLICATION, DISTRIBUTION, ETC. (IMPRINT) |
| Place of publication, distribution, etc |
The Journal of Economic Perspectives |
| 300 ## - PHYSICAL DESCRIPTION |
| Extent |
34(2), Spring, 2020: p.192-214 |
| 520 ## - SUMMARY, ETC. |
| Summary, etc |
The internet's structure and operations remain invisible to most economists. What determines the economic value of internet infrastructure and the incentives to improve it? What are the open research questions for the most salient policy issues? This article reviews the basic economics of internet infrastructure, focusing attention on the economic questions motivated by public aspirations for ubiquitous availability and widespread adoption of internet protocols.- Reproduced |
| 650 ## - SUBJECT ADDED ENTRY--TOPICAL TERM |
| Topical term or geographic name as entry element |
Internet infrastructure, internet protocols |
| 9 (RLIN) |
23690 |
| 773 ## - HOST ITEM ENTRY |
| Main entry heading |
The Journal of Economic Perspectives |
| 906 ## - LOCAL DATA ELEMENT F, LDF (RLIN) |
| Subject DIP |
INTERNET |
| 942 ## - ADDED ENTRY ELEMENTS (KOHA) |
| Item type |
Articles |